| 000 | 01365nam a2200289 a 4500 | ||
|---|---|---|---|
| 001 | ASIN1856696707 | ||
| 003 | OSt | ||
| 005 | 20180116192417.0 | ||
| 008 | 130726s2010 xxu eng d | ||
| 020 |
_a1856696707 (paperback) _c$40.00 |
||
| 020 | _a9781856696708 (paperback) | ||
| 040 | _c00 | ||
| 050 | 0 | 4 | _aNA2790 |
| 082 | 0 | 4 | _a720.228 |
| 100 | 1 |
_aDunn, Nick. _96743 |
|
| 245 | 1 | 0 |
_aArchitectural modelmaking / _cNick Dunn. |
| 260 |
_aLondon : _bLaurence King Publishers, _c2010. |
||
| 300 | 5 |
_a192 p. ; _c28 cm. |
|
| 490 | 1 | _aPortfolio skills: architecture. | |
| 520 | _aThis book focuses on the inspiring possibilities for creating three-dimensional, physical models of the built environment with all the different media and techniques that are now available. Through description of the use of different models in different contexts, the book provides a practical and effective guide to how and why models are used, in addition to what they are used for, and how they relate to architecture education. | ||
| 650 | 0 |
_aArchitectural models _96744 |
|
| 650 | 0 |
_aArchitectural models--Design and construction _96745 |
|
| 830 | 0 |
_aPortfolio skills: architecture. _96746 |
|
| 856 | 4 | 0 |
_3Amazon.com _uhttp://www.amazon.com/exec/obidos/ASIN/1856696707/chopaconline-20 |
| 942 |
_2ddc _cBK |
||
| 999 |
_c353749 _d353749 |
||